<?xml version="1.0" encoding="UTF-8"?><?xml-stylesheet type="text/xsl" href="static/style.xsl"?><OAI-PMH xmlns="http://www.openarchives.org/OAI/2.0/" xmlns:xsi="http://www.w3.org/2001/XMLSchema-instance" xsi:schemaLocation="http://www.openarchives.org/OAI/2.0/ http://www.openarchives.org/OAI/2.0/OAI-PMH.xsd"><responseDate>2026-04-27T12:59:15Z</responseDate><request verb="GetRecord" identifier="oai:uvadoc.uva.es:10324/71437" metadataPrefix="marc">https://uvadoc.uva.es/oai/request</request><GetRecord><record><header><identifier>oai:uvadoc.uva.es:10324/71437</identifier><datestamp>2024-11-14T20:06:19Z</datestamp><setSpec>com_10324_38</setSpec><setSpec>col_10324_852</setSpec></header><metadata><record xmlns="http://www.loc.gov/MARC21/slim" xmlns:doc="http://www.lyncode.com/xoai" xmlns:xsi="http://www.w3.org/2001/XMLSchema-instance" xmlns:dcterms="http://purl.org/dc/terms/" xsi:schemaLocation="http://www.loc.gov/MARC21/slim http://www.loc.gov/standards/marcxml/schema/MARC21slim.xsd">
<leader>00925njm 22002777a 4500</leader>
<datafield tag="042" ind1=" " ind2=" ">
<subfield code="a">dc</subfield>
</datafield>
<datafield tag="720" ind1=" " ind2=" ">
<subfield code="a">Blanco Iglesias, Carla</subfield>
<subfield code="e">author</subfield>
</datafield>
<datafield tag="260" ind1=" " ind2=" ">
<subfield code="c">2024</subfield>
</datafield>
<datafield tag="520" ind1=" " ind2=" ">
<subfield code="a">En los últimos años, se ha experimentado un gran desarrollo de la Inteligencia Artificial.&#xd;
Simultáneamente, han ido generándose diversas reacciones entre los trabajadores, ya &#xd;
que, si bien muchos han implementado la IA en su cotidianeidad laboral, son otros &#xd;
tantos los que han visto peligrar su puesto de trabajo. ¿Es realmente la Inteligencia &#xd;
Artificial una amenaza para los trabajadores o, por el contrario, es una herramienta &#xd;
beneficiosa para el desempeño de su actividad laboral?&#xd;
Este Trabajo de Fin de Grado tiene como objetivo el estudio de la Inteligencia Artificial.&#xd;
Profundizar en qué se entiende realmente por dicho concepto y estudiar, a través de &#xd;
métodos de indagación empírica, cómo la población vallisoletana percibe la &#xd;
incorporación de este tipo de herramientas a su vida laboral, haciendo también un breve &#xd;
inciso en su incorporación a la vida privada, y destacando las amenazas, pero también &#xd;
las oportunidades que supone la IA.</subfield>
</datafield>
<datafield tag="024" ind2=" " ind1="8">
<subfield code="a">https://uvadoc.uva.es/handle/10324/71437</subfield>
</datafield>
<datafield tag="245" ind1="0" ind2="0">
<subfield code="a">La Inteligencia Artificial y su incorporación al mundo laboral: el caso vallisoletano</subfield>
</datafield>
</record></metadata></record></GetRecord></OAI-PMH>